[Event "Maia op 7th"]
[Site "Maia"]
[Date "2023.08.27"]
[Round "3"]
[White "Garrido Outon, Alex"]
[Black "Liang, Awonder"]
[Result "0-1"]
[WhiteElo "2398"]
[BlackElo "2649"]
[PlyCount "66"]
[EventDate "2023.08.25"]
[EventType "swiss"]
[EventRounds "9"]
[EventCountry "POR"]
[SourceTitle "EXT 2024"]
[Source "ChessBase"]
[SourceDate "2023.10.10"]
[SourceVersion "1"]
[SourceVersionDate "2023.10.10"]
[SourceQuality "1"]

1. e4 e5 2. Nf3 Nc6 3. Bb5 a6 4. Ba4 Nf6 5. 0-0 Be7 6. Re1 b5 7. Bb3 d6 8. c3 0-0 9. h3 Bb7 10. d4 Re8 11. a3 Bf8 12. d5 Ne7 13. c4 Nd7 14. Nc3 bxc4 15. Bxc4 h6 16. b4 g6 17. a4 Bg7 18. a5 f5 19. Nd2 Nf6 20. b5 Kh8 21. bxa6 Bxa6 22. Qe2 Qc8 23. Rd1 c6 24. Ba3 cxd5 25. Nxd5 Nexd5 26. exd5 Nxd5 27. Rac1 Nf4 28. Qf1 d5 29. Bb5 Qe6 30. Rc7 Reb8 31. Rb1 Rxb5 32. Rxb5 Qe8 33. Rcc5 Bf8 0-1

[Event "CAN Transnational Rapid"]
[Site "Toronto"]
[Date "2023.06.04"]
[Round "7"]
[White "Liang, Awonder"]
[Black "Szabo, Gergely Andras"]
[Result "1-0"]
[WhiteElo "2651"]
[BlackElo "2504"]
[PlyCount "57"]
[EventDate "2023.06.03"]
[EventType "swiss (rapid)"]
[EventRounds "11"]
[EventCountry "CAN"]
[SourceTitle "CBM 214 Extra"]
[Source "ChessBase"]
[SourceDate "2023.07.31"]
[SourceVersion "1"]
[SourceVersionDate "2023.07.31"]
[SourceQuality "1"]

1. h4 e5 2. c4 c6 3. d4 exd4 4. Nf3 d5 5. Qxd4 Nf6 6. Nc3 Na6 7. Bg5 Be7 8. 0-0-0 Nc7 9. cxd5 Ncxd5 10. e4 Nxc3 11. Qxc3 Qc7 12. Bc4 0-0 13. Bxf6 Bxf6 14. e5 Be7 15. Ng5 Bf5 16. g4 Bxg4 17. Rdg1 Bxg5+ 18. hxg5 Bf5 19. g6 hxg6 20. Rxg6 Rfe8 21. Rg5 Qxe5 22. Qxe5 Rxe5 23. Rgh5 Kf8 24. Rh8+ Ke7 25. Rxa8 Rc5 26. b3 b5 27. Rxa7+ Kd6 28. Rd1+ Ke5 29. Ra5 1-0

[Event "Chessable Masters Play In"]
[Site "Chess.com INT"]
[Date "2023.03.13"]
[Round "1"]
[White "Alonso Rosell, Alvar"]
[Black "Liang, Awonder"]
[Result "0-1"]
[WhiteElo "2567"]
[BlackElo "2643"]
[PlyCount "72"]
[EventDate "2023.03.13"]
[EventType "swiss (rapid)"]
[EventRounds "9"]
[EventCountry "USA"]
[SourceTitle "CBM 213 Extra"]
[Source "ChessBase"]
[SourceDate "2023.05.31"]
[SourceVersion "1"]
[SourceVersionDate "2023.05.31"]
[SourceQuality "1"]

1. d4 Nf6 2. c4 e6 3. Nf3 b6 4. g3 Bb7 5. Bg2 Be7 6. 0-0 0-0 7. Re1 Na6 8. h4 d6 9. Nc3 Ne4 10. Nxe4 Bxe4 11. Bh3 Nb4 12. Ng5 Bg6 13. e4 h6 14. h5 Bxh5 15. Qxh5 Bxg5 16. f4 Bf6 17. Rd1 Nc2 18. e5 Nxa1 19. exf6 Qxf6 20. Bg2 Nc2 21. Bxa8 Rxa8 22. Qe2 Nb4 23. a3 Nc6 24. Qf3 d5 25. Be3 Ne7 26. g4 Rd8 27. c5 bxc5 28. dxc5 Qxb2 29. Bd4 Qc2 30. Re1 Nc6 31. Ba1 Qxc5+ 32. Kh2 d4 33. f5 Qd5 34. Qg3 Qd6 35. fxe6 fxe6 36. a4 d3 0-1

[Event "Titled Tuesday intern op 7th Mar Late"]
[Site "Chess.com INT"]
[Date "2023.03.07"]
[Round "8"]
[White "Liang, Awonder"]
[Black "Albornoz Cabrera, Carlos Daniel"]
[Result "1-0"]
[WhiteElo "2643"]
[BlackElo "2583"]
[PlyCount "83"]
[EventDate "2023.03.07"]
[EventType "swiss (blitz)"]
[EventRounds "11"]
[EventCountry "USA"]
[SourceTitle "EXT 2024"]
[Source "ChessBase"]
[SourceDate "2023.10.10"]
[SourceVersion "1"]
[SourceVersionDate "2023.10.10"]
[SourceQuality "1"]

1. e4 c5 2. Nf3 Nc6 3. Bb5 d6 4. 0-0 Bd7 5. Re1 Nf6 6. c3 a6 7. Bc4 Bg4 8. d4 Bxf3 9. gxf3 g6 10. Qb3 e6 11. Bf1 Qc7 12. d5 Ne5 13. c4 g5 14. Bg2 Rg8 15. f4 gxf4 16. Bxf4 0-0-0 17. Bg3 h5 18. Nd2 Bh6 19. Nf3 Nfg4 20. h3 Nxf3+ 21. Qxf3 h4 22. Bxh4 Ne5 23. Qh5 Bf4 24. Bf6 Rg6 25. Bxd8 Qxd8 26. Kh1 Rh6 27. Qe2 Qh4 28. Rad1 Rg6 29. dxe6 fxe6 30. Rg1 Kc7 31. a3 Ng4 32. Rgf1 Nf6 33. e5 Nh5 34. Qf3 d5 35. cxd5 exd5 36. Qxd5 Kb6 37. Qxb7+ Ka5 38. b4+ Ka4 39. Qd7+ Kxa3 40. Qd3+ Ka4 41. Ra1+ Kxb4 42. Rfb1# 1-0

[Event "Titled Tuesday intern op 7th Mar Late"]
[Site "Chess.com INT"]
[Date "2023.03.07"]
[Round "11"]
[White "Martinez Alcantara, Jose Eduardo"]
[Black "Liang, Awonder"]
[Result "0-1"]
[WhiteElo "2607"]
[BlackElo "2643"]
[PlyCount "158"]
[EventDate "2023.03.07"]
[EventType "swiss (blitz)"]
[EventRounds "11"]
[EventCountry "USA"]
[SourceTitle "EXT 2024"]
[Source "ChessBase"]
[SourceDate "2023.10.10"]
[SourceVersion "1"]
[SourceVersionDate "2023.10.10"]
[SourceQuality "1"]

1. e4 e5 2. Nf3 Nc6 3. Nc3 Nf6 4. h3 Bb4 5. a3 Bxc3 6. dxc3 0-0 7. Bg5 h6 8. Bh4 g5 9. Nxg5 hxg5 10. Bxg5 Kg7 11. Qf3 d6 12. h4 Rh8 13. Be2 Be6 14. h5 Rh6 15. 0-0-0 Qh8 16. Qe3 Rh7 17. f4 exf4 18. Qxf4 Nd7 19. Rdf1 Kg8 20. Qg3 Qe5 21. Bf4+ Qg7 22. Qh4 Nce5 23. g4 Kh8 24. g5 Ng6 25. Qg3 Nxf4 26. Qxf4 Rg8 27. Rfg1 Qe5 28. Qd2 Rgg7 29. g6 fxg6 30. hxg6 Rxh1 31. Rxh1+ Kg8 32. Qh6 Kf8 33. Qh8+ Ke7 34. Qa8 Qg5+ 35. Kb1 Qxg6 36. Bd3 b6 37. Qxa7 Qg2 38. Rc1 Kd8 39. Qa8+ Ke7 40. Qa7 Kd8 41. Qa8+ Ke7 42. Qc8 c5 43. Qc7 Qg3 44. a4 d5 45. Qc6 Qd6 46. Qb5 c4 47. Be2 dxe4 48. Bxc4 Qc5 49. Bxe6 Qxb5 50. axb5 Kxe6 51. Re1 Ke5 52. Ka2 Nc5 53. b4 Ne6 54. Kb3 Kf4 55. c4 e3 56. c5 bxc5 57. bxc5 Nxc5+ 58. Kc4 Ne4 59. b6 Kf3 60. Kd5 e2 61. c4 Nc3+ 62. Kd4 Na4 63. c5 Kf2 64. Ra1 e1Q 65. Rxe1 Kxe1 66. Kc4 Rg5 67. b7 Rxc5+ 68. Kb4 Rc1 69. Ka5 Rb1 70. Ka6 Nc5+ 71. Ka7 Nxb7 72. Ka8 Nc5 73. Ka7 Kd2 74. Ka8 Kd3 75. Ka7 Kc4 76. Ka8 Kd5 77. Ka7 Kc6 78. Ka8 Kc7 79. Ka7 Ra1# 0-1

[Event "Titled Tuesday intern op 7th Mar Late"]
[Site "Chess.com INT"]
[Date "2023.03.07"]
[Round "5"]
[White "Ozer, Omer Faruk"]
[Black "Liang, Awonder"]
[Result "0-1"]
[WhiteElo "2360"]
[BlackElo "2643"]
[PlyCount "104"]
[EventDate "2023.03.07"]
[EventType "swiss (blitz)"]
[EventRounds "11"]
[EventCountry "USA"]
[SourceTitle "EXT 2024"]
[Source "ChessBase"]
[SourceDate "2023.10.10"]
[SourceVersion "1"]
[SourceVersionDate "2023.10.10"]
[SourceQuality "1"]

1. d4 b6 2. Nf3 Bb7 3. g3 e6 4. Bg2 f5 5. 0-0 Nf6 6. c4 Be7 7. b3 0-0 8. Bb2 d6 9. Nc3 h6 10. Qc2 Na6 11. a3 c5 12. Rfd1 Ne4 13. d5 Nxc3 14. Bxc3 e5 15. b4 Qd7 16. b5 Nc7 17. a4 a5 18. Nxe5 dxe5 19. d6 Bxg2 20. dxc7 Qxc7 21. Kxg2 Rad8 22. Rxd8 Bxd8 23. Rd1 Qe7 24. Rd5 Bc7 25. Qd2 Rf7 26. Qe3 e4 27. Qd2 f4 28. f3 fxg3 29. hxg3 Qe6 30. g4 Qe7 31. Rh5 Qe6 32. Rd5 Re7 33. Rf5 Qxc4 34. Qd5+ Qxd5 35. Rxd5 Kf7 36. Rf5+ Kg6 37. Rd5 exf3+ 38. Kxf3 Kf7 39. e4 Ke6 40. Rf5 Rf7 41. Ke3 g6 42. Rd5 Rd7 43. Rxd7 Kxd7 44. e5 Ke6 45. Ke4 h5 46. gxh5 gxh5 47. Kf4 h4 48. Kg4 Bxe5 49. Bd2 Kd5 50. Kxh4 Kc4 51. Kg5 Kb3 52. Kf5 Bh2 0-1

[Event "PRO League Prelim"]
[Site "Chess.com INT"]
[Date "2023.02.16"]
[Round "1.3"]
[White "Tari, Aryan"]
[Black "Liang, Awonder"]
[Result "0-1"]
[WhiteElo "2656"]
[BlackElo "2643"]
[PlyCount "60"]
[EventDate "2023.02.14"]
[EventType "team-swiss (rapid)"]
[EventRounds "5"]
[EventCountry "USA"]
[SourceTitle "CBM 212 Extra"]
[Source "ChessBase"]
[SourceDate "2023.03.31"]
[SourceVersion "1"]
[SourceVersionDate "2023.03.31"]
[SourceQuality "1"]
[WhiteTeam "Canada ChessBrahs"]
[BlackTeam "Charlotte Cobras"]
[WhiteTeamCountry "CAN"]
[BlackTeamCountry "USA"]

1. c4 e5 2. Nc3 Nf6 3. Nf3 Nc6 4. g3 Nd4 5. Bg2 Nxf3+ 6. Bxf3 Bb4 7. g4 c6 8. g5 Ng8 9. h4 Ne7 10. d4 d6 11. Qb3 Ba5 12. dxe5 dxe5 13. Bd2 Nf5 14. Qa3 Nd4 15. 0-0-0 Bc7 16. Ne4 Qe7 17. Bb4 Qe6 18. Kb1 Qxc4 19. Bd6 Qc2+ 20. Ka1 Qxd1+ 21. Rxd1 Nc2+ 22. Kb1 Nxa3+ 23. Bxa3 Bf5 24. Kc1 Bxe4 25. Bxe4 Rd8 26. Rd3 Rxd3 27. exd3 g6 28. b3 h6 29. Kd2 hxg5 30. hxg5 Rh5 0-1

[Event "Pan American Intercollegiate-chT"]
[Site "Seattle"]
[Date "2023.01.07"]
[Round "4"]
[White "Oparin, Grigoriy"]
[Black "Liang, Awonder"]
[Result "1/2-1/2"]
[WhiteElo "2670"]
[BlackElo "2640"]
[PlyCount "91"]
[EventDate "2023.01.05"]
[EventType "team-swiss"]
[EventRounds "6"]
[EventCountry "USA"]
[SourceTitle "CBM 212 Extra"]
[Source "ChessBase"]
[SourceDate "2023.03.31"]
[SourceVersion "1"]
[SourceVersionDate "2023.03.31"]
[SourceQuality "1"]
[WhiteTeam "Missouri Univ"]
[BlackTeam "Chicago Univ"]
[WhiteTeamCountry "USA"]
[BlackTeamCountry "USA"]

1. d4 Nf6 2. c4 e6 3. Nc3 Bb4 4. e3 0-0 5. Bd3 d5 6. Nf3 c5 7. 0-0 dxc4 8. Bxc4 Bd7 9. Qe2 cxd4 10. exd4 Bc6 11. Rd1 Nd5 12. Ne4 Nd7 13. Bd3 Qc7 14. g3 Rfe8 15. a3 Bf8 16. Qc2 a5 17. Re1 h6 18. Bd2 Qb6 19. Rab1 Rac8 20. Qd1 Rcd8 21. Nc3 N5f6 22. Be3 Ng4 23. Qe2 Nxe3 24. fxe3 Bxf3 25. Qxf3 Ne5 26. Qe4 Nxd3 27. Qxd3 e5 28. d5 e4 29. Nxe4 Qg6 30. Nf2 Qxd3 31. Nxd3 Rxd5 32. Rbd1 Red8 33. Nf2 Rd2 34. Kf1 Bc5 35. Rxd2 Rxd2 36. Ne4 Rc2 37. Re2 Rc4 38. Nxc5 Rxc5 39. Rd2 Kf8 40. Ke2 Ke7 41. a4 Rc4 42. b3 Rb4 43. Rd3 Ke6 44. Kf3 f5 45. h3 g6 46. Rc3 1/2-1/2

[Event "Chesterfield SPICE Cup op"]
[Site "Chesterfield"]
[Date "2022.12.23"]
[Round "9"]
[White "Liang, Awonder"]
[Black "Gledura, Benjamin"]
[Result "1-0"]
[WhiteElo "2630"]
[BlackElo "2644"]
[PlyCount "193"]
[EventDate "2022.12.18"]
[EventType "swiss"]
[EventRounds "9"]
[EventCountry "USA"]
[SourceTitle "CBM 212 Extra"]
[Source "ChessBase"]
[SourceDate "2023.03.31"]
[SourceVersion "1"]
[SourceVersionDate "2023.03.31"]
[SourceQuality "1"]

1. e4 e5 2. Nf3 Nc6 3. Nc3 Nf6 4. Bb5 Bb4 5. 0-0 0-0 6. d3 Bxc3 7. bxc3 d6 8. Re1 Qe7 9. d4 Bg4 10. h3 Bh5 11. Qd3 Na5 12. Nh4 Bg6 13. Qf3 c5 14. Bd3 cxd4 15. cxd4 Qc7 16. Bg5 Nd7 17. Nf5 Nc6 18. d5 Nb4 19. Be7 Bxf5 20. exf5 Rfe8 21. f6 Rxe7 22. fxe7 Nc5 23. Rab1 Nba6 24. Qf5 g6 25. Qf6 Nd7 26. Qh4 Nac5 27. f4 Kg7 28. fxe5 Nxe5 29. Bb5 Ncd7 30. Qa4 Nb6 31. Qh4 Nbd7 32. Rxe5 dxe5 33. Qb4 a5 34. Qa3 Qb6+ 35. Kh2 Nf6 36. d6 Qd4 37. d7 Nxd7 38. Qa4 Qd6 39. Bxd7 Qxe7 40. Rxb7 Rd8 41. Bc6 Qf6 42. Qe4 Rd4 43. Qf3 Rf4 44. Qc3 h5 45. Rb5 Rd4 46. Qf3 Qd6 47. Be4 f5 48. Rb7+ Kf6 49. Qb3 a4 50. Qf7+ Kg5 51. Re7 Kf4 52. Re6 Qb8 53. Bc6 e4 54. Qxg6 Ke3+ 55. Qg3+ Qxg3+ 56. Kxg3 Rc4 57. a3 Rxc2 58. Bxa4 h4+ 59. Kh2 Ra2 60. Bd7 Kd4 61. Re8 f4 62. Bc6 f3 63. Rxe4+ Kc5 64. Bd7 Rxg2+ 65. Kh1 Rd2 66. Ba4 Re2 67. Rf4 Re3 68. Bd7 Rxa3 69. Kg1 Kd6 70. Bg4 Ke5 71. Rb4 Kf6 72. Kf2 Kg5 73. Bxf3 Ra1 74. Rg4+ Kh6 75. Rxh4+ Kg7 76. Rb4 Ra6 77. h4 Kh6 78. Kg3 Rf6 79. Be4 Rd6 80. Rb7 Kh5 81. Rh7+ Rh6 82. Bf3+ Kg6 83. Ra7 Rh8 84. Be4+ Kf6 85. Kg4 Rg8+ 86. Kf4 Rh8 87. Ra6+ Kg7 88. Kg5 Rf8 89. h5 Kh8 90. Bd5 Rd8 91. Be6 Re8 92. Rb6 Rf8 93. Rb7 Re8 94. Bf7 Rd8 95. Re7 Rd1 96. Kh6 Rd8 97. Be6 1-0

[Event "Chesterfield SPICE Cup op"]
[Site "Chesterfield"]
[Date "2022.12.20"]
[Round "5"]
[White "Liang, Awonder"]
[Black "Steingrimsson, Hedinn"]
[Result "1-0"]
[WhiteElo "2630"]
[BlackElo "2504"]
[PlyCount "93"]
[EventDate "2022.12.18"]
[EventType "swiss"]
[EventRounds "9"]
[EventCountry "USA"]
[SourceTitle "CBM 212 Extra"]
[Source "ChessBase"]
[SourceDate "2023.03.31"]
[SourceVersion "1"]
[SourceVersionDate "2023.03.31"]
[SourceQuality "1"]

1. e4 e5 2. Nf3 Nc6 3. Nc3 Nf6 4. d4 exd4 5. Nxd4 Bb4 6. Nxc6 bxc6 7. Bd3 0-0 8. 0-0 d5 9. exd5 Bg4 10. Ne2 cxd5 11. h3 Bh5 12. c4 Re8 13. Qc2 Bg6 14. Rd1 Qe7 15. Be3 dxc4 16. Qxc4 Bd6 17. Bxg6 hxg6 18. Nd4 Qe4 19. Rac1 Nd5 20. Nf5 Nxe3 21. Qxe4 Rxe4 22. Nxe3 Bf4 23. Rc3 Rae8 24. Rdd3 Ra4 25. a3 Rae4 26. Kf1 f5 27. b4 Kf8 28. Ke2 Be5 29. Rc4 Rxc4 30. Nxc4 Bd4+ 31. Kf3 c5 32. Na5 Re4 33. Nb3 Bxf2 34. bxc5 Bh4 35. Rd4 Rxd4 36. Nxd4 Ke8 37. Ke3 Be7 38. Nb3 Kd7 39. Kd4 Ke6 40. Kc4 Ke5 41. Nd4 Kf4 42. c6 Bd6 43. Nb5 Bb8 44. Nxa7 Kg3 45. Nb5 Kxg2 46. a4 f4 47. Nd4 1-0

[Event "US Masters op"]
[Site "Charlotte"]
[Date "2022.11.26"]
[Round "6"]
[White "Liang, Awonder"]
[Black "Druska, Juraj"]
[Result "1-0"]
[WhiteElo "2630"]
[BlackElo "2511"]
[PlyCount "81"]
[EventDate "2022.11.23"]
[EventType "swiss"]
[EventRounds "9"]
[EventCountry "USA"]
[SourceTitle "CBM 211 Extra"]
[Source "ChessBase"]
[SourceDate "2023.01.31"]
[SourceVersion "1"]
[SourceVersionDate "2023.01.31"]
[SourceQuality "1"]

1. Nf3 e6 2. c4 d5 3. e3 Nf6 4. Nc3 a6 5. b3 Bd6 6. Bb2 b6 7. g3 0-0 8. Bg2 Bb7 9. cxd5 exd5 10. 0-0 Re8 11. Rc1 Nbd7 12. Re1 Rc8 13. d4 Qe7 14. Re2 g6 15. Rec2 h5 16. Ne2 Ng4 17. Nf4 Ndf6 18. Nd3 c5 19. dxc5 bxc5 20. h3 c4 21. hxg4 cxd3 22. Rxc8 Bxc8 23. g5 Ne4 24. Qxd3 Ba3 25. Rxc8 Rxc8 26. Qxa6 Rc2 27. Qxa3 Qxa3 28. Bxa3 Rxa2 29. Be7 Nxf2 30. Ne5 Nd1 31. Bxd5 Nxe3 32. Bxf7+ Kg7 33. Bf6+ Kf8 34. Bxg6 Rg2+ 35. Kh1 Rxg3 36. Be4 Nd1 37. Bd5 Nc3 38. Kh2 Re3 39. Nd7+ Ke8 40. Bxc3 Rxc3 41. g6 1-0

[Event "Titled Tuesday intern op 08th Nov Early"]
[Site "Chess.com INT"]
[Date "2022.11.08"]
[Round "4"]
[White "Firat, Burak"]
[Black "Liang, Awonder"]
[Result "0-1"]
[WhiteElo "2460"]
[BlackElo "2630"]
[PlyCount "68"]
[EventDate "2022.11.08"]
[EventType "swiss (blitz)"]
[EventRounds "11"]
[EventCountry "USA"]
[SourceTitle "EXT 2024"]
[Source "ChessBase"]
[SourceDate "2023.10.10"]
[SourceVersion "1"]
[SourceVersionDate "2023.10.10"]
[SourceQuality "1"]

1. Nf3 a5 2. d4 a4 3. c4 e6 4. e4 d5 5. exd5 exd5 6. Nc3 Bb4 7. Bd3 Qe7+ 8. Be3 a3 9. Qc2 dxc4 10. Bxc4 Nf6 11. 0-0 0-0 12. Bg5 axb2 13. Qxb2 Bxc3 14. Qxc3 h6 15. Bh4 c6 16. Rfe1 Be6 17. Bxe6 fxe6 18. Ne5 Re8 19. a4 Nbd7 20. Rab1 Nxe5 21. dxe5 Nd5 22. Bxe7 Nxc3 23. Rxb7 Rxa4 24. f3 Rea8 25. h4 R8a7 26. Rb8+ Kh7 27. Re8 Ra2 28. Bc5 Rb7 29. Bd4 Ne2+ 30. Rxe2 Rxe2 31. Rxe6 Rb4 32. Rd6 Rc4 33. e6 c5 34. e7 Rxd4 0-1